| 000 | 00338nam a22001337a 4500 | ||
|---|---|---|---|
| 008 | 250422b |||||||| |||| 00| 0 eng d | ||
| 020 | _a0948825650 | ||
| 050 |
_aHD6331 _b.W55 |
||
| 100 | _aWILLCOCKS, Leslie | ||
| 245 | _aComputerising Work | ||
| 260 |
_aGreat Britain _bMahtematical Composition _c1987 |
||
| 300 | _axi, 211p. | ||
| 942 | _cBK | ||
| 999 |
_c3107 _d3107 |
||